[Event "GER Cup Net V4 U2400"]
[Site "Playchess.com INT"]
[Date "2020.05.31"]
[Round "1"]
[White "Meissner, Felix"]
[Black "Koellner, Christof"]
[Result "1-0"]
[WhiteElo "2227"]
[BlackElo "1985"]
[PlyCount "125"]
[EventDate "2020.05.31"]
[EventType "swiss (blitz)"]
[EventRounds "9"]
[EventCountry "GER"]
[SourceTitle "EXT 2021"]
[Source "ChessBase"]
[SourceDate "2020.10.23"]
[SourceVersion "1"]
[SourceVersionDate "2020.10.23"]
[SourceQuality "1"]

1. e4 d6 2. d4 Nf6 3. Nc3 e5 4. Nf3 Nbd7 5. Bc4 Be7 6. a4 0-0 7. 0-0 exd4 8. Nxd4 Ne5 9. Ba2 Nc6 10. Nde2 Nb4 11. Bb3 Be6 12. Bxe6 fxe6 13. Nd4 Qd7 14. Qe2 c5 15. Nf3 Ne8 16. Rd1 Qc6 17. Bg5 Bf6 18. Bxf6 gxf6 19. Rd2 Rf7 20. Rad1 Kh8 21. Qc4 Re7 22. Nb5 a6 23. Nxd6 Nxd6 24. Rxd6 Qxa4 25. Rxe6 Rae8 26. Rxe7 Rxe7 27. Qxc5 Nc6 28. Qd6 Qxe4 29. Qxf6+ Kg8 30. h3 Qe6 31. Qc3 Rg7 32. Re1 Qd6 33. Qe3 Re7 34. Qg5+ Kf8 35. Qf5+ Rf7 36. Qg4 Rg7 37. Qh5 Rf7 38. Ng5 Re7 39. Nxh7+ Kg8 40. Rxe7 Qxe7 41. Ng5 Qg7 42. Qe8+ Qf8 43. Qxf8+ Kxf8 44. Ne6+ Ke7 45. Nc5 b6 46. Nxa6 Nd4 47. Nb4 Kd6 48. Kf1 Kc5 49. c3 Nf5 50. Ke2 Kc4 51. g4 Nh4 52. f4 Kb3 53. Nd3 Kc2 54. f5 b5 55. f6 Ng6 56. g5 Nf4+ 57. Nxf4 Kxb2 58. f7 Kxc3 59. f8Q b4 60. Qc5+ Kb3 61. Nd3 Ka2 62. Qxb4 Ka1 63. Qb2# 1-0

[Event "GER-ch Net Amateur Gr-A Final"]
[Site "Playchess.com INT"]
[Date "2020.04.18"]
[Round "7"]
[White "Koellner, Christof"]
[Black "Promyshlyanskiy, Vitaliy"]
[Result "1/2-1/2"]
[WhiteElo "1992"]
[BlackElo "2032"]
[PlyCount "136"]
[EventDate "2020.04.18"]
[EventType "swiss (blitz)"]
[EventRounds "13"]
[EventCountry "GER"]
[SourceTitle "CBM 195 Extra"]
[Source "ChessBase"]
[SourceDate "2020.05.31"]
[SourceVersion "1"]
[SourceVersionDate "2020.05.31"]
[SourceQuality "1"]

1. d4 Nc6 2. Nf3 d6 3. e4 Nf6 4. Nbd2 g6 5. c3 Bg7 6. h3 e5 7. dxe5 dxe5 8. Bb5 Qe7 9. 0-0 Bd7 10. a4 a6 11. Bc4 0-0 12. b4 Rfd8 13. Qe2 Nh5 14. Nb3 Be6 15. Bxe6 Qxe6 16. Nc5 Qc8 17. Bg5 Rd6 18. b5 axb5 19. axb5 Na5 20. Be7 Nf4 21. Qc2 Rb6 22. c4 Qe8 23. Bg5 Ne6 24. Nxe6 Rxe6 25. Rfd1 b6 26. c5 Qxb5 27. Rdb1 Qc6 28. Be3 Rd8 29. Rc1 Bf8 30. cxb6 Qxc2 31. Rxc2 cxb6 32. Bxb6 Rxb6 33. Rxa5 Rb1+ 34. Kh2 Re8 35. g3 Rb7 36. Rxe5 Rxe5 37. Nxe5 Re7 38. f4 f6 39. Ng4 Kf7 40. e5 Bg7 41. exf6 Bxf6 42. Nxf6 Kxf6 43. Kg2 h5 44. Kf3 Ra7 45. Rc3 Ra6 46. g4 hxg4+ 47. hxg4 Rb6 48. g5+ Kg7 49. Kg4 Rb4 50. Rc7+ Kg8 51. Kf3 Rb3+ 52. Ke4 Rb6 53. Ke5 Ra6 54. Rd7 Ra5+ 55. Rd5 Ra4 56. Rd4 Ra5+ 57. Ke6 Rf5 58. Re4 Kg7 59. Ke7 Rf7+ 60. Kd6 Rf5 61. Re7+ Kg8 62. Re4 Kg7 63. Kd7 Kg8 64. Ke8 Kg7 65. Re7+ Kg8 66. Re4 Kg7 67. Kd7 Kg8 68. Kd6 Kg7 1/2-1/2

[Event "GER-ch Net Amateur Gr-A Vor3"]
[Site "Playchess.com INT"]
[Date "2020.04.16"]
[Round "3"]
[White "Koellner, Christof"]
[Black "Haufe, Laurin"]
[Result "1-0"]
[WhiteElo "1972"]
[BlackElo "1825"]
[PlyCount "121"]
[EventDate "2020.04.16"]
[EventType "swiss (blitz)"]
[EventRounds "9"]
[EventCountry "GER"]
[SourceTitle "CBM 195 Extra"]
[Source "ChessBase"]
[SourceDate "2020.05.31"]
[SourceVersion "1"]
[SourceVersionDate "2020.05.31"]
[SourceQuality "1"]

1. d4 Nf6 2. Nf3 g6 3. Nbd2 Bg7 4. e4 d6 5. Bc4 0-0 6. 0-0 Nbd7 7. e5 dxe5 8. dxe5 Ne8 9. e6 fxe6 10. Ng5 Nc5 11. Qe2 Nd6 12. Nb3 Nxc4 13. Nxc5 Qd5 14. Ncxe6 Bxe6 15. Qxe6+ Qxe6 16. Nxe6 Rf5 17. Nxg7 Kxg7 18. b3 Nd6 19. Bb2+ Kg8 20. f3 Re8 21. Rfe1 e5 22. Rad1 Kf7 23. c4 b6 24. Ba3 Ke6 25. Bxd6 cxd6 26. Rd5 Kd7 27. Red1 Rf6 28. b4 Rc8 29. c5 bxc5 30. bxc5 Rc6 31. Rxe5 a6 32. Red5 Kc7 33. cxd6+ Rcxd6 34. Rxd6 Rxd6 35. Rxd6 Kxd6 36. Kf2 Kc5 37. f4 Kb4 38. g4 Ka3 39. f5 gxf5 40. gxf5 Kxa2 41. f6 a5 42. f7 a4 43. f8Q a3 44. Qf7+ Kb2 45. Qxh7 a2 46. Qg7+ Kb1 47. h4 a1Q 48. Qxa1+ Kxa1 49. h5 Kb2 50. h6 Kc2 51. h7 Kd2 52. h8Q Kd3 53. Qe8 Kd2 54. Qe3+ Kc2 55. Ke2 Kb2 56. Qd3 Kc1 57. Qd2+ Kb1 58. Kd3 Ka1 59. Kc3 Kb1 60. Kb3 Ka1 61. Qd1# 1-0